El Poder de la comunidad: ajuntes estructural y movimiento indígena en los Andes Ecuatorianos /

שמור ב:
מידע ביבליוגרפי
מחבר ראשי: Guerrero Cazar, Fernando
Autores Corporativos: CLACSO, Agencia Sueca de Desarrollo Internacional Asdi
מחברים אחרים: Ospina Peralta, Pablo
פורמט: Texto
יצא לאור: Buenos Aires: CLACSO
נושאים:
תגים: הוספת תג
אין תגיות, היה/י הראשונ/ה לתייג את הרשומה!

MARC

LEADER 00000 a a2200000 04500
001 30113
003
040
020 |a 950-9231-95-2  
090 |a 194300  
100 |a Guerrero Cazar, Fernando  
110 |a CLACSO  
245 |a El Poder de la comunidad: ajuntes estructural y movimiento indígena en los Andes Ecuatorianos /  |c CLACSO  
260 |a Buenos Aires:   |b CLACSO  
300 |a 302 p  
650 |a POBLACION INDIGENA  
650 |a POLITICA DE AJUSTE  
650 |a REFORMA ECONOMICA  
650 |a REFORMA POLITICA  
650 |a PARTICIPACION SOCIAL  
650 |a PARTICIPACION POLITICA  
650 |a ORGANIZACIONES NO GUBERNAMENTALES  
650 |a NEOLIBERALISMO  
700 |a Ospina Peralta, Pablo  
710 |a Agencia Sueca de Desarrollo Internacional   |a Asdi  
999 |c 11149  |d 11149